Регионална библиотека "Любен Каравелов" - Русе

Някъде там (Запис номер 347411)

MARC детайли
000 -Лидер
Контролно поле с фиксирана дължина 01004nam a22002537a 4500
003 - Код на организацията, давaща контролен номер
Контролно поле BLK
005 - Дата и час на последна редакция
Контролно поле 20241113120125.0
008 - Елементи от данни с фиксирана дължина
fixed length control field 191223b bu ||||| |||| 00| 0 bu d
020 ## - Международен стандартен номер на книга ISBN
Международен стандартен номер на книга ISBN 9789542830610
040 ## - Източник на каталожния запис
Идентификатор на билиотеката - собственик на записа BLK
041 ## - Код за език
Код за езика на текст/звукозапис или на отделно заглавие Български
Код за езика КДБФ Български
080 ## - УДК
Текстов определител УДК Звезди и звездни системи. Вселена - Космически лъчи, междузвездно пространство, Галактика, Млечен път, космология, извънгалактически системи
УДК код - определител по УДК 524
УДК - код + определител 524
100 ## - Редна дума - Автор
Автор Уол, Майкъл
Авторска отговорност първи автор
R(LIN) 1299
139 ## - Редно поле
Редна дума Уол, Майкъл
Авторски знак Уол - У 68
245 ## - Сведения за заглавието
Заглавие Някъде там
Редно поле (дума) Майкъл Уол; прев. Милена Боринова
260 ## - Област на издателските данни
9 (RLIN) 217021
Място на издаване, разпространение и проч. София
Име на издателя, разпространителя и проч. Сиела Норма
Година на издаване 2019
300 ## - Физическа характеристика
Страници 195 с.
Размери/Мащаб 22 см
380 ## - Жанр
Жанр Естествени науки. Математика
852 ## - Местоположение
Фондова буква Заемна - справочен фонд
Систематично-азбучна сигнатура П 524/У 68
999 ## - СИСТЕМНИ КОНТРОЛНИ НОМЕРА
Koha biblionumber 347411
Koha biblioitemnumber 347411
942 ## - АРТИКУЛИ
Вид на библиотечния материал Книги
Скрит в OPAC Не
Периодичен библиозапис Да
Koha issues (borrowed), all copies 29
999 ## - СИСТЕМНИ КОНТРОЛНИ НОМЕРА
Koha biblioitemnumber 347411
999 ## - СИСТЕМНИ КОНТРОЛНИ НОМЕРА
Koha biblioitemnumber 347411
944 ## - СЪЗДАВАНЕ И РЕДАКЦИЯ на ЗАПИСА
Служител, извършил регистрацията/редакцията 30549
Статус, дата на статуса Вася Ганчева
Наличности
Код за отписване Код за изгубен артикул Източник на класификационната схема Код за повреда Коз за рестрикции Код за отдаване Артикулен № Име на библиотеката - собственик Име на библиотеката, в която се намира в момента Статус (Текущо местоположение) Дата на вписване в системата Местоположение - отдел Цена в лева Систематично азбучна сигнатура Баркод Цена в евро Служебен тип на артикула
  Не е изгубен Universal Decimal Classification Не е повреден без рестрикции заемане за дома 753189 Регионална библиотека "Любен Каравелов" Русе Регионална библиотека "Любен Каравелов" Русе Заемна - подръчен фонд 2019-12-23 Заемна - подръчен фонд 12.67 П 524/У 68 120000840497 6.48 Книги
  Не е изгубен Universal Decimal Classification Не е повреден без рестрикции заемане за дома 753190 Регионална библиотека "Любен Каравелов" Русе Регионална библиотека "Любен Каравелов" Русе Заемна - подръчен фонд 2019-12-23 Заемна - подръчен фонд 12.67 П 524/У 68 120000840498 6.48 Книги
  Не е изгубен Universal Decimal Classification Не е повреден   заемане за дома 756301 Регионална библиотека "Любен Каравелов" Русе Регионална библиотека "Любен Каравелов" Русе Заемна - подръчен фонд 2020-03-10 Заемна - подръчен фонд 8.45 524/У 68 М 120000843134 4.32 Книги
  Не е изгубен Universal Decimal Classification Не е повреден   заемане за дома 756302 Регионална библиотека "Любен Каравелов" Русе Регионална библиотека "Любен Каравелов" Русе Детски отдел 2020-03-10 Детски отдел 8.45 524-93/У 68 М 120000843135 4.32 Книги
Vip Innovations Ltd, Rousse, Bulgaria 2025